| 000 | 00877pam a2200253 a 4500 | ||
|---|---|---|---|
| 001 | TB11973 | ||
| 003 | IN-BhIIT | ||
| 005 | 20260508184918.0 | ||
| 008 | 980619s1999 caua b 001 0 eng | ||
| 020 | _a9788181471895 (pbk) | ||
| 040 | _aIN-BhIIT | ||
| 041 | _aeng | ||
| 082 | 0 | 0 |
_a004.35 _bCUL/P |
| 100 | 1 |
_aCuller, David E. _eAuthor _924966 |
|
| 245 | 1 | 0 |
_aParallel computer architecture : _ba hardware/software approach / _cby David E. Culler, Jaswinder Pal Singh and Anoop Gupta. |
| 260 |
_aSan Francisco : _bMorgan Kaufmann Publishers, _cc1999. |
||
| 300 |
_axxix, 1025 p. : _bill. ; _c25 cm. |
||
| 504 | _aIncludes bibliographical references and index. | ||
| 650 | 0 |
_aParallel computers. _924967 |
|
| 650 | 0 |
_aComputer architecture. _927752 |
|
| 700 | 1 |
_aSingh, Jaswinder Pal. _eJoint author _924968 |
|
| 700 | 1 |
_aGupta, Anoop. _eJoint author _924969 |
|
| 942 |
_cTB _02 |
||
| 999 |
_c14522 _d14522 |
||